Preddavky vo vzťahu k štátnemu rozpočtu (daňovému úradu)

Na minha lista:
Detalhes bibliográficos
Autor principal: Bolgáč, Ján, 1959-
Formato: Capítulo de Livro
Idioma:eslovaco
Tags: Adicionar Tag
Sem tags, seja o primeiro a adicionar uma tag!

MARC

LEADER 00000naa$a2200000$$$4500
001 0065409
005 20240502071755.6
041 0 |a slo 
044 |a SK 
245 1 0 |a Preddavky vo vzťahu k štátnemu rozpočtu (daňovému úradu)  |c Ján Bolgáč 
100 1 |a Bolgáč, Ján, 1959-